Elogio de Alfredo Robles Domínguez : (Record no. 19070)
[ view plain ]
| 000 -CABECERA | |
|---|---|
| campo de control de longitud fija | 00737nam a2200205 a 4500 |
| 005 - FECHA Y HORA DE LA ÚLTIMA TRANSACCIÓN | |
| campo de control | 20210223121518.0 |
| 008 - ELEMENTOS DE LONGITUD FIJA--INFORMACIÓN GENERAL | |
| campo de control de longitud fija | 991125s1955 mx 000 0 spa u |
| 035 ## - NÚMERO DE CONTROL DEL SISTEMA | |
| Número de control de sistema | UPN01000019070 |
| 049 ## - COLECCIÓN | |
| Colección | CG |
| 050 #4 - SIGNATURA TOPOGRÁFICA DE LA BIBLIOTECA DEL CONGRESO | |
| Número de clasificación | F1232.5 |
| Número de documento/Ítem | A7.4 |
| 100 1# - ASIENTO PRINCIPAL--NOMBRE PERSONAL | |
| Nombre de persona | Arenas Guzmán, Diego, |
| Fechas asociadas al nombre | 1891-1974 |
| 9 (RLIN) | 28730 |
| 245 10 - MENCIÓN DE TÍTULO | |
| Título | Elogio de Alfredo Robles Domínguez : |
| Resto del título | semblanza biográfica / |
| Mención de responsabilidad, etc. | Diego Arenas Guzmán, Mario Ronzón Rivera, Manuel B. Trens. |
| 260 ## - PUBLICACIÓN, DISTRIBUCIÓN, ETC. | |
| Lugar de publicación, distribución, etc. | México : |
| Nombre del editor, distribuidor, etc. | Instituto Nacional de la Juventud Mexicana, |
| Fecha de publicación, distribución, etc. | 1955. |
| 300 ## - DESCRIPCIÓN FÍSICA | |
| Extensión | 32 p. |
| 500 ## - NOTA GENERAL | |
| Nota general | Disponible en la Colección Medina |
| 600 14 - ASIENTO SECUNDARIO DE MATERIA - NOMBRE PERSONAL | |
| Nombre de persona | ROBLES DOMINGUEZ, ALFREDO, |
| Fechas asociadas al nombre | 1876-1928 |
| 9 (RLIN) | 5593 |
| 700 1# - ASIENTO SECUNDARIO--NOMBRE DE PERSONAL | |
| Nombre de persona | Ronzón Rivera, Mario, |
| Término indicativo de función/relación | coaut. |
| 700 1# - ASIENTO SECUNDARIO--NOMBRE DE PERSONAL | |
| Nombre de persona | Trens, Manuel B., |
| Término indicativo de función/relación | coaut. |
| 905 ## - TIPO DE MATERIAL | |
| Tipo de material | Libro |
| Estado de retiro | Estado de pérdida | Fuente del sistema de clasificación o colocación | Estado dañado | No para préstamo | Código de colección | Localización permanente | Ubicación/localización actual | Ubicación en estantería | Fecha de adquisición | Clasificación | Código de barras | Fecha visto por última vez | Número de copia | Tipo de ítem Koha |
|---|---|---|---|---|---|---|---|---|---|---|---|---|---|---|
| Library of Congress Classification | Disponible (Préstamo en sala) | Colección Medina | Bib. Gregorio Torres Quintero | Bib. Gregorio Torres Quintero | Colecciones especiales Planta alta | 30/01/2023 | F1232.5 A7.4 | 19981F | 31/12/2020 | 1 | Libro | |||
| Library of Congress Classification | Disponible (Préstamo en sala) | Colección Medina | Bib. Gregorio Torres Quintero | Bib. Gregorio Torres Quintero | Colecciones especiales Planta alta | 30/01/2023 | F1232.5 A7.4 | 19679F | 31/12/2020 | 1 | Libro |
